Statistiken für Filmrolle zu Schauspieler/in (5)

Klicken Sie hier um das Quiz zu spielen!

Allgemein

  • Dieses Quiz wurde 369 mal gespielt
  • Das Durchschnittsergebnis liegt bei 8 aus 15

Antwortstatistiken

RolleRolleRolleRolleSchauspieler/in% Korrekt
Daniel Domscheit-BergNiki LaudaFredrick ZollerHelmut ZemoDaniel Brühl
65%
Bryan MillsRa’s al GhulQui-Gon JinnOskar SchindlerLiam Neeson
65%
Larry DaleyWalter MittyGaylord „Greg“ FockerDerek ZoolanderBen Stiller
60%
Magic MikeCaine WiseConrad Hauser / DukeJordan „Jody“ DomergueChanning Tatum
60%
Dylan RhodesMichael RezendesBruce Banner / HulkChuck Aule / Dr. Lester SheehanMark Ruffalo
59%
Diana Prince / Wonder WomanGisele YasharJill PopeNatalie JonesGal Gadot
53%
Clint Barton / HawkeyeWilliam BrandtHänselAaron Cross / Kenneth James Kitsom / Nummer 5Jeremy Renner
52%
ZuckerfeeGuinevereElizabeth SwannCathy MullerKeira Knightley
52%
Antonio „Tony“ MontanaWilly BankDon Michael CorleoneWill DormerAl Pacino
51%
David DunnChurchHarry StamperJohn McClaneBruce Willis
51%
Sirius BlackJean-Baptiste Emanuel ZorgIvan KorshunovJames „Jim“ GordonGary Oldman
48%
Cris JohnsonJohnny Blaze / Ghost RiderBalthazar BlakeDamon Macready / Big DaddyNicolas Cage
48%
Mark ZuckerbergJ. Daniel AtlasLex LuthorColumbusJesse Eisenberg
40%
Lenny FederZohan DvirSam BrennerCharles „Chuck“ LevineAdam Sandler
37%
Dwight McCarthyThanosJonah HexCableJosh Brolin
37%

Verteilung der Resultate

Perzentil nach korrekt beantworteten Fragen

Anzahl Personen mit jedem Resultat

Ihre Resultats-Entwicklung

Sie haben dieses Quiz noch nicht gespielt